| 000 | 03032cam a2200577 a 4500 | ||
|---|---|---|---|
| 001 | 0003773599 | ||
| 003 | OSt | ||
| 005 | 20260630190003.0 | ||
| 007 | ta | ||
| 008 | 090909m20099999fr g 6 000 fre | ||
| 020 | _a9782749306568 (v. 4) | ||
| 040 |
_aSDM _bfre _dQMBND |
||
| 082 | 0 | 5 |
_aBD MAR v.4 _222bD742m |
| 091 | 0 | _aMAR | |
| 100 | 1 |
_aDouyé, Sylvia, _d1973- |
|
| 245 | 1 | 0 |
_aMarie-Lune / _cscénario, Douyé; dessin, Yllya. |
| 260 |
_aIssy-les-Moulineaux : _bVents d'Ouest, _c2009- |
||
| 300 |
_av. : _bprincipalement des ill. en coul. ; _c30 cm. |
||
| 505 | 0 | _av. 1. Je dp̌ense donc je suis -- v. 2. Au secours, j'ai perdu ma meilleure amie! -- v. 3. Je suis trop love de lui! -- v. 4. C'est officiel-- je la dťeste! -- v. 5. Help! j'ai la tt̊e l̉'envers -- v. 6. Ne me laisse pas tomber! -- v. 7. Ma nouvelle vie! -- v. 8. Plus moche la vie! -- v. 9. Je nage (presque) dans le bonheur -- v. 10. Retour aux sources | |
| 650 | 7 |
_aMarie-Lune (Personnage fictif : Douy)̌ _vBandes dessiněs _2vmj |
|
| 650 | 7 |
_aAdolescentes _vBandes dessiněs _2vmj |
|
| 650 | 7 |
_aMagasins _vBandes dessiněs _2vmj |
|
| 650 | 7 |
_aConsommation _vBandes dessiněs. _2vmj |
|
| 650 | 7 |
_aRiches _vBandes dessiněs _2vmj |
|
| 650 | 6 |
_aMarie-Lune (Personnage fictif : Douy)̌ _vBandes dessiněs |
|
| 650 | 6 |
_aAdolescentes _vBandes dessiněs |
|
| 650 | 6 |
_aMagasinage _vBandes dessiněs |
|
| 650 | 6 |
_aRiches _vBandes dessiněs |
|
| 700 | 0 |
_aYllya, _d1982- _eill. |
|
| 740 | 0 | _aJe dp̌ense donc je suis. | |
| 740 | 0 | _aAu secours, j'ai perdu ma meilleure amie! | |
| 740 | 0 | _aJe suis trop love de lui! | |
| 740 | 0 | _aC'est officiel-- je la dťeste! | |
| 740 | 0 | _aHelp! j'ai la tt̊e l̉'envers. | |
| 740 | 0 | _aNe me laisse pas tomber! | |
| 740 | 0 | _aMa nouvelle vie! | |
| 740 | 0 | _aPlus moche la vie! | |
| 740 | 0 | _aJe nage (presque) dans le bonheur. | |
| 740 | 0 | 2 | _aRetour aux sources |
| 942 |
_2ddc _cBD |
||
| 999 |
_c18919 _d18919 |
||